Catalog

Record Details

Catalog Search



The accidental president : Harry S. Truman and the ... Read More

Available copies

  • 3 of 3 copies available at LARL/NWRL Consortium.
  • 1 of 1 copy available at Lake Agassiz Regional Library. (Show preferred library)

Current holds

0 current holds with 3 total copies.

Show Only Available Copies
Location Call Number / Copy Notes Barcode Shelving Location Status Due Date
Detroit Lakes Public Library 921 TRU (Text) 33500012595864 Main Available -
Roseau Public Library 921 TRU (Text) 35500006924136 New Available -
Warroad Public Library 921 TRU (Text) 35500005966443 Main Available -

Record details

  • ISBN: 9780544617346
  • ISBN: 0544617347
  • ISBN: 9781328505682
  • Physical Description: xvi, 431 pages, 8 unnumbered pages of plates : ... Read More
  • Publisher: Boston : Houghton Mifflin Harcourt, 2017.

Content descriptions

Bibliography, etc. Note:
Includes bibliographical references and index.
Formatted Contents Note:
April 12, 1945 -- The political education of Harry ... Read More
Subject: Truman, Harry S., 1884-1972.
Truman, Harry S., 1884-1972.
World War (1939-1945)
Presidents > United States > Biography.
United States > Politics and government > 1945-1953.
World War, 1939-1945.
Politics and government.
Presidents.
United States.
Presidents > United States > Biography.
Genre: Biographies.
LDR 02083cam a2200493 i 4500
001255568
003LARL_NWRL_CONSORTIUM
00520260302190236.0
008170918s2017 mauaf b 001 0beng
010 . ‡a 2017044086
040 . ‡aDLC ‡beng ‡erda ‡cDLC ‡dBDX ‡dOCLCF ‡dSFR ‡dJAI ‡dYDX ‡dT3S
019 . ‡a1003756258
020 . ‡a9780544617346 ‡qhardcover
020 . ‡a0544617347 ‡qhardcover
020 . ‡a9781328505682 ‡qsoftcover
035 . ‡a(OCoLC)1004424895 ‡z(OCoLC)1003756258
042 . ‡apcc
043 . ‡an-us---
08200. ‡a973.918092 ‡aB ‡223
1001 . ‡aBaime, A. J. ‡q(Albert J.), ‡eauthor. ‡0(LARL_NWRL_CONSORTIUM)221848
24514. ‡aThe accidental president : ‡bHarry S. Truman and the four months that changed the world / ‡cA.J. Baime.
264 1. ‡aBoston : ‡bHoughton Mifflin Harcourt, ‡c2017.
300 . ‡axvi, 431 pages, 8 unnumbered pages of plates : ‡billustrations ; ‡c24 cm
336 . ‡atext ‡btxt ‡2rdacontent
337 . ‡aunmediated ‡bn ‡2rdamedia
338 . ‡avolume ‡bnc ‡2rdacarrier
504 . ‡aIncludes bibliographical references and index.
5050 . ‡aApril 12, 1945 -- The political education of Harry S. Truman -- April-May 1945 -- June-July 1945 -- Little Boy, Fat Man, and Potsdam -- Epilogue.
60010. ‡aTruman, Harry S., ‡d1884-1972. ‡0(LARL_NWRL_CONSORTIUM)56014
60017. ‡aTruman, Harry S., ‡d1884-1972. ‡2fast ‡0(LARL_NWRL_CONSORTIUM)56014
61127. ‡aWorld War (1939-1945) ‡2fast
650 0. ‡aPresidents ‡zUnited States ‡vBiography. ‡0(LARL_NWRL_CONSORTIUM)28763
651 0. ‡aUnited States ‡xPolitics and government ‡y1945-1953. ‡0(LARL_NWRL_CONSORTIUM)33550
650 0. ‡aWorld War, 1939-1945. ‡0(LARL_NWRL_CONSORTIUM)34902
650 7. ‡aPolitics and government. ‡2fast
650 7. ‡aPresidents. ‡2fast ‡0(LARL_NWRL_CONSORTIUM)28757
651 7. ‡aUnited States. ‡2fast ‡0(LARL_NWRL_CONSORTIUM)54625
650 1. ‡aPresidents ‡zUnited States ‡vBiography. ‡0(LARL_NWRL_CONSORTIUM)28763
648 7. ‡a1939-1953 ‡2fast
655 7. ‡aBiographies. ‡2lcgft
77608. ‡iOnline version: ‡aBaime, A. J. (Albert J.), author. ‡tAccidental president ‡dBoston : Houghton Mifflin Harcourt, 2017 ‡z9780544618480
901 . ‡a255568 ‡bOCoLC ‡c255568 ‡tbiblio ‡soclc

Additional Resources